Die meistbesuchten Städte in Afrika - Statistiken

Allgemein
  • Dieses Quiz wurde 179 mal gespielt
  • Das Durchschnittsergebnis liegt bei 9 aus 12
Antwortstatistiken
Internationale Besucher Hint Stadt % Korrekt
4,253,968 Südafrika Johannesburg
97%
1,353,019 Ägypten Kairo
97%
1,604,234 Südafrika Kapstadt
95%
619,506 Kenia Nairobi
89%
427,807 Tunesien Tunis
86%
1,332,300 Nigeria Lagos
83%
989,219 Marokko Casablanca
82%
842,414 Ghana Accra
71%
619,413 Senegal Dakar
70%
890,178 Südafrika Durban
57%
254,255 Mosambik Maputo
49%
576,434 Uganda Entebbe
9%
Keine übereinstimmenden Quizze gefunden
Verteilung der Resultate
Anzahl Personen mit jedem Resultat
Perzentil nach korrekt beantworteten Fragen
Ihre Resultats-Entwicklung
Sie haben dieses Quiz noch nicht gespielt